Fictional Characters by Pictures - N - Statistics

General Stats
  • This quiz has been taken 40 times
    39 since last reset
  • The average score is 3 of 15
Answer Stats
Picture Answer % Correct
Nemo
100%
Nala
83%
Noddy
33%
Noah
25%
Nairobi
22%
Nigel
11%
Nosferatu
11%
Nick Nelson
6%
Noora
6%
Nathaniel
3%
Nick Lucas
3%
Nahida
0%
Nerissa
0%
Nick Levan
0%
Ningguang
0%
No matching quizzes found
Score Distribution
Percent of People with Each Score
Percentile by Number Answered
Your Score History
You have not taken this quiz since the last reset